Представление документа в формате RUSMARC

ПолеНазваниеЗначение
  Тип записи a
  Библиографический уровень m
001 Контрольный номер RU/УОНБ/EK/623437391
005 Дата корректировки 20250520122633.1
010 Индекс ISBN __
d Цена 3 р. 70 к.
9 Тираж 25000 экз.
b Уточнения в пер.
100 Данные общей обработки __
a Данные общей обработки 20191003d1986 u u0rusy0189||||ca
101 Язык документа 0_
a Язык текста rus
102 Страна публикации __
a Страна публикации RU
105 Кодированные данные (монография) __
a Кодированные данные (монография) a z 001yy
200 Заглавие и сведения об ответственности 1_
a Заглавие Художественная культура Японии XVI столетия
f Первые сведения об ответственности Н.С. Николаева
210 Выходные данные 1_
a Место издания Москва
c Издательство Искусство
d Дата издания 1986
215 Физическое описание __
a Объем 237, [2] с.
c Иллюстрации/тип воспроизводства ил.
d Формат 21 см
225 Серия 1_
a Серия Эпоха. Быт. Костюм
320 Библиография __
a Библиография Библиогр. в примеч.: с. 227-232
606 Тематические рубрики 0_
a Основная рубрика Художественная культура в Японии
z Хронологическая подрубрика 16 в.
610 Ключевые слова 0_
a Ключевые слова художественная культура в японии - 16 в.
a Ключевые слова японское изобразительное искусство
a Ключевые слова история мирового искусства
686 Индексы других классификаций __
a Классификационный индекс 85.103(5)
2 Код системы rubbk
700 Автор _1
a Фамилия Николаева
b Имя (инициалы) Н.С.
g Полное личное имя Наталья Сергеевна
801 Источник записи _0
a Страна RU
b Организация Ульяновская ОНБ
c Дата составления 20191003
g Правила каталогизации RCR
801 Источник записи _1
a Страна RU
b Организация Ульяновская ОНБ
c Дата составления 20191003
g Правила каталогизации RCR
901 Тип документа __
t Тип документа m
909 Создатель записи __
a Создатель записи Вилкова
938 Служебная информация __
a Имя БД retro
b Имя библиотеки УОНБ
c Имя АИБС МАРК-SQL
d Номер DOC_ID в БД 308273